Statistics for Country by Phonetic Spelling #2

Click here to take the quiz!

General Stats

  • This quiz has been taken 722 times
  • The average score is 17 of 20

Answer Stats

Phonetic SpellingEnglish Spelling% Correct
ɪzreɪəlIsrael
98%
madəˈɡaskəMadagascar
98%
speɪnSpain
98%
swɪt.sɚ.ləndSwitzerland
98%
ɪ.tə.liItaly
97%
swi.dənSweden
97%
nu ˈzi.ləndNew Zealand
94%
bæŋ.ɡlɜˈdɛʃBangladesh
92%
aɪɚ.ləndIreland
91%
saʊθ æfɹɪkəSouth Africa
91%
ɡɹiːsGreece
87%
lɪbiəLibya
87%
pɛɹ.ə.ɡweɪParaguay
84%
saʊθ kə.ˈɹi.əSouth Korea
83%
nɪˈpɔːlNepal
81%
dʒəˈmeɪ.kəJamaica
75%
naɪˈdʒɪə(ɹ).i.əNigeria
74%
tɝ.kiTurkey
65%
tʃiː.leɪChile
57%
ɹʌ.ʃəRussia
49%

Score Distribution

Percentile by Number Answered

Percent of People with Each Score

Your Score History

You have not taken this quiz